| 000 | 00581nam a2200181 i 4500 | ||
|---|---|---|---|
| 001 | 24772 | ||
| 003 | ES-MaACL | ||
| 005 | 20250809001822.0 | ||
| 007 | t| | ||
| 008 | 021218s1958 sp ||||1| spa d | ||
| 100 | 1 |
_aAngoloti de Cárdenas, Ignacio. _921752 |
|
| 245 | 1 | 3 |
_aLa Duquesa de la Victoria / _cI. A. C. |
| 260 |
_aMadrid : _b[s.n., _c1958] ( _fGraf. Altamira) |
||
| 300 |
_a226 p., 10 lám. ; _c22 cm. |
||
| 600 | 1 | 7 |
_aAngoloti y Mesa, María del Carmen, _cDuquesa de la Victoria, _d1875-1959 _2 _9153807 |
| 852 |
_aES-MaACL _jC-16958 _bR.45528 |
||
| 999 |
_c24772 _d24772 |
||